00356 a2200109 450000100060000008200120000610000630001824500940008126000340017530000140020950000230022391314 aPR 1209 aIhsan Naji; Prof Eubaid John and Khalid Pervaiz (Advisors) aDesign of Solar Mill " Converting Solar Energy into Mechanical Enegy Directly"n43 "A" EC aKarachibNED Universityc1995 aviii,160p aBE Project Reports